<?xml version="1.0" encoding="UTF-8"?>
<record
    xmlns:xsi="http://www.w3.org/2001/XMLSchema-instance"
    xsi:schemaLocation="http://www.loc.gov/MARC21/slim http://www.loc.gov/standards/marcxml/schema/MARC21slim.xsd"
    xmlns="http://www.loc.gov/MARC21/slim">

  <leader>00468nam a22001937a 4500</leader>
  <controlfield tag="003">OSt</controlfield>
  <controlfield tag="008">250422b        |||||||| |||| 00| 0 eng d</controlfield>
  <datafield tag="020" ind1=" " ind2=" ">
    <subfield code="a">9789355516213</subfield>
  </datafield>
  <datafield tag="082" ind1=" " ind2=" ">
    <subfield code="a">006.31 BIM</subfield>
  </datafield>
  <datafield tag="100" ind1=" " ind2=" ">
    <subfield code="a">BISEN,Dhananjay</subfield>
  </datafield>
  <datafield tag="245" ind1=" " ind2=" ">
    <subfield code="a">MCQ for Data Science Users</subfield>
  </datafield>
  <datafield tag="250" ind1=" " ind2=" ">
    <subfield code="a">1st Rep Ed</subfield>
  </datafield>
  <datafield tag="260" ind1=" " ind2=" ">
    <subfield code="a">New Delhi</subfield>
    <subfield code="b">BPB</subfield>
    <subfield code="c">2025</subfield>
  </datafield>
  <datafield tag="300" ind1=" " ind2=" ">
    <subfield code="a">496</subfield>
  </datafield>
  <datafield tag="650" ind1=" " ind2=" ">
    <subfield code="a">MCQ for Data Science Users</subfield>
  </datafield>
  <datafield tag="700" ind1=" " ind2=" ">
    <subfield code="a">SAHU,Neeraj</subfield>
  </datafield>
  <datafield tag="700" ind1=" " ind2=" ">
    <subfield code="a">BAKARIYA,Brijesh</subfield>
  </datafield>
  <datafield tag="942" ind1=" " ind2=" ">
    <subfield code="2">ddc</subfield>
    <subfield code="c">BK</subfield>
  </datafield>
  <datafield tag="999" ind1=" " ind2=" ">
    <subfield code="c">13379</subfield>
    <subfield code="d">13379</subfield>
  </datafield>
  <datafield tag="952" ind1=" " ind2=" ">
    <subfield code="0">0</subfield>
    <subfield code="1">0</subfield>
    <subfield code="2">ddc</subfield>
    <subfield code="4">0</subfield>
    <subfield code="7">0</subfield>
    <subfield code="8">CSEAIDS</subfield>
    <subfield code="a">PIET</subfield>
    <subfield code="b">PIET</subfield>
    <subfield code="d">2025-04-11</subfield>
    <subfield code="e">Zaffa Books</subfield>
    <subfield code="f">INR</subfield>
    <subfield code="g">1195.00</subfield>
    <subfield code="k">ZBD0037</subfield>
    <subfield code="l">0</subfield>
    <subfield code="o">006.31 BIM</subfield>
    <subfield code="p">39187</subfield>
    <subfield code="r">2025-04-22 00:00:00</subfield>
    <subfield code="v">875.27</subfield>
    <subfield code="w">2025-04-11</subfield>
    <subfield code="y">REF</subfield>
  </datafield>
  <datafield tag="952" ind1=" " ind2=" ">
    <subfield code="0">0</subfield>
    <subfield code="1">0</subfield>
    <subfield code="2">ddc</subfield>
    <subfield code="4">0</subfield>
    <subfield code="7">0</subfield>
    <subfield code="8">CSEAIDS</subfield>
    <subfield code="a">PIET</subfield>
    <subfield code="b">PIET</subfield>
    <subfield code="d">2025-04-11</subfield>
    <subfield code="e">Zaffa Books</subfield>
    <subfield code="f">INR</subfield>
    <subfield code="g">1195.00</subfield>
    <subfield code="k">ZBD0037</subfield>
    <subfield code="l">0</subfield>
    <subfield code="o">006.31 BIM</subfield>
    <subfield code="p">39188</subfield>
    <subfield code="r">2025-04-22 00:00:00</subfield>
    <subfield code="v">875.27</subfield>
    <subfield code="w">2025-04-11</subfield>
    <subfield code="y">BK</subfield>
  </datafield>
  <datafield tag="952" ind1=" " ind2=" ">
    <subfield code="0">0</subfield>
    <subfield code="1">0</subfield>
    <subfield code="2">ddc</subfield>
    <subfield code="4">0</subfield>
    <subfield code="7">0</subfield>
    <subfield code="8">CSEAIDS</subfield>
    <subfield code="a">PIET</subfield>
    <subfield code="b">PIET</subfield>
    <subfield code="d">2025-04-11</subfield>
    <subfield code="e">Zaffa Books</subfield>
    <subfield code="f">INR</subfield>
    <subfield code="g">1195.00</subfield>
    <subfield code="k">ZBD0037</subfield>
    <subfield code="l">0</subfield>
    <subfield code="o">006.31 BIM</subfield>
    <subfield code="p">39189</subfield>
    <subfield code="r">2025-04-22 00:00:00</subfield>
    <subfield code="v">875.27</subfield>
    <subfield code="w">2025-04-11</subfield>
    <subfield code="y">BK</subfield>
  </datafield>
  <datafield tag="952" ind1=" " ind2=" ">
    <subfield code="0">0</subfield>
    <subfield code="1">0</subfield>
    <subfield code="2">ddc</subfield>
    <subfield code="4">0</subfield>
    <subfield code="7">0</subfield>
    <subfield code="8">CSEAIDS</subfield>
    <subfield code="a">PIET</subfield>
    <subfield code="b">PIET</subfield>
    <subfield code="d">2025-04-11</subfield>
    <subfield code="e">Zaffa Books</subfield>
    <subfield code="f">INR</subfield>
    <subfield code="g">1195.00</subfield>
    <subfield code="k">ZBD0037</subfield>
    <subfield code="l">0</subfield>
    <subfield code="o">006.31 BIM</subfield>
    <subfield code="p">39190</subfield>
    <subfield code="r">2025-04-22 00:00:00</subfield>
    <subfield code="v">875.27</subfield>
    <subfield code="w">2025-04-11</subfield>
    <subfield code="y">BK</subfield>
  </datafield>
  <datafield tag="952" ind1=" " ind2=" ">
    <subfield code="0">0</subfield>
    <subfield code="1">0</subfield>
    <subfield code="2">ddc</subfield>
    <subfield code="4">0</subfield>
    <subfield code="7">0</subfield>
    <subfield code="8">CSEAIDS</subfield>
    <subfield code="a">PIET</subfield>
    <subfield code="b">PIET</subfield>
    <subfield code="d">2025-04-11</subfield>
    <subfield code="e">Zaffa Books</subfield>
    <subfield code="f">INR</subfield>
    <subfield code="g">1195.00</subfield>
    <subfield code="k">ZBD0037</subfield>
    <subfield code="l">0</subfield>
    <subfield code="o">006.31 BIM</subfield>
    <subfield code="p">39191</subfield>
    <subfield code="r">2025-04-22 00:00:00</subfield>
    <subfield code="v">875.27</subfield>
    <subfield code="w">2025-04-11</subfield>
    <subfield code="y">BK</subfield>
  </datafield>
</record>
